A treatise on expatriation.

Bibliographic Details
Main Author: Hay, George, 1765-1830
Format: Microform Book
Language:English
Published: Washington : A. & G. Way, printers, 1814.
Subjects:

MARC

Tag First Indicator Second Indicator Subfields
LEADER 00000cam a2200000 a 4500
001 in00000081297
005 20151008061022.0
007 he bm----b---
008 780117r1976 kyu b 00000 enge
035 |a (OCoLC)03562479 
035 |9 AAJ7117AM 
040 |a DLC  |c RRR  |d RRR  |d TXA  |d UtOrBLW 
049 |a TXAI 
082 0 |a 341.51 
090 |a JX4226  |b .H3 
099 |a fiche  |a C  |a 4443 
100 1 |a Hay, George,  |d 1765-1830. 
245 1 2 |a A treatise on expatriation. 
264 1 |a Washington :  |b A. & G. Way, printers,  |c 1814. 
300 |a 90 pages ;  |c 22 cm. 
336 |a text  |b txt  |2 rdacontent 
337 |a microform  |b h  |2 rdamedia 
338 |a microfiche  |b he  |2 rdacarrier 
500 |a "Sabin : 30998." 
500 |a "Copied from the original in the Library of Congress." 
533 |a Microfiche.  |b Louisville, [Ky.] :  |c Lost Cause Press,  |d 1976.  |e 2 microfiches : negative ; 11 x 15 cm.  |f ([Bibliotheca Americana. Selected Americana. Microfiche ed. / J. Sabin]) (Fiche book) 
500 |a Microform. 
650 0 |a Expatriation. 
999 |a MARS 
999 f f |s e3d21110-31ed-393b-a9a2-a298fc47d632  |i 9c5dfcca-820f-3457-90fc-b9dfeb5b4388  |t 0 
952 f f |p normal  |a Texas A&M University  |b College Station  |c Sterling C. Evans Library  |d Evans: Microforms (3rd floor)  |t 0  |e fiche C 4443  |h Other scheme  |i microform -- microfiche  |m A14821691300 
998 f f |a fiche C 4443  |t 0  |l Evans: Microforms (3rd floor)